000 00725nam a2200217Ia 4500
001 10305
003 GE_BSU
008 181216s||||||||xx |||||||||||||| ||und||
040 _cGE_BSU
080 _a821.353.1-32+821.353.1-31
100 _aურჯუმელაშვილი,ვანო
245 _aიმედა; ჭიამაია
245 _bმოთხრობები:რომანი
245 _cრედ:ჯ.ნიქაბაძე;დ.გრიგოლია
260 _aთბილისი.
260 _bსაბჭ.საქართველო
260 _c1971
300 _a369გვ;21სმ.
653 _aმოთხრობები:რომანი
942 _cBK
999 _c43572
_d43572